Statistiques concernant Pays où Dangerous de M Pokora s'est classé dans les charts

Cliquez ici pour prendre le quiz!

Statistiques générales

  • Ce quiz a été pris 20 fois
  • Le résultat moyen est 8 sur 15

Statistiques - réponses

Position dans les chartsPays% Correct
2Belgique
100%
1France
100%
28Suisse
95%
32Allemagne
79%
38Pologne
58%
65Japon
53%
15Suède
53%
55Australie
47%
16Finlande
47%
18Turquie
42%
19Tchéquie
32%
5Bulgarie
26%
90Chili
26%
59Mexique
26%
10Malte
16%

Distribution des résultats

Percentile par nombre de réponses

% des personnes avec chaque résultat

Votre développement - résultats

Vous n’avez pas pris ce quiz